000 00599nam a2200229Ia 4500
003 OSt
005 20230503103606.0
008 210423s2003 xx 000 0 und d
020 _a817910026
040 _cAL
041 _aeng
082 _a635.9 BHAS
100 _aBHATTACHARJEE (S K);De (Lakshman Chandra).
_938191
245 _aAdvanced commercial floriculture.
260 _aJaipur
_bAavishkar Publishers
_c2003
300 _axx,686
_bPB
365 _b3200
_cINR
440 _v1
650 _aGarden Crops
_938192
906 _aAdvanced ; commercial ; floriculture.
942 _2ddc
_cBK
999 _c163028
_d163028